Vista normal
Vista MARC
Entrada Personal Name
Número de registros utilizados en: 1
001 - CONTROL NUMBER
- control field: 4343
003 - CONTROL NUMBER IDENTIFIER
- control field: DLC
005 - DATE AND TIME OF LATEST TRANSACTION
- control field: 20221018100158.0
008 - FIXED-LENGTH DATA ELEMENTS
- fixed length control field: 070420n| azannaabn |a aaa c
010 ## - LIBRARY OF CONGRESS CONTROL NUMBER
- LC control number: no2007045877
- Canceled/invalid LC control number: no2011034966
035 ## - SYSTEM CONTROL NUMBER
- System control number: (OCoLC)oca07392050
040 ## - CATALOGING SOURCE
- Original cataloging agency: UPB
- Language of cataloging: spa
- Description conventions: rda
- Transcribing agency: Mx-PuUPA
- Modifying agency: DLC
- Modifying agency: CSt
- Modifying agency: DLC
- Modifying agency: ICrlF
- Modifying agency: DLC
- Modifying agency: Mx-PuUPA
046 ## - SPECIAL CODED DATES
- Birth date: 1973
- Source of date scheme: edtf
100 1# - HEADING--PERSONAL NAME
- Personal name: Roselló Soberón, Estela,
- Dates associated with a name: 1973-
370 ## - ASSOCIATED PLACE
- Place of birth: México Ciudad (México)
- Source of term: naf
372 ## - FIELD OF ACTIVITY
- Field of activity: Historia
- Field of activity: Novela histórica
- Source of term: lcsh
374 ## - OCCUPATION
- Occupation: Autor
- Source of term: lcsh
375 ## - GENDER
- Gender: mujer
- Source of term: lcsh
377 ## - ASSOCIATED LANGUAGE
- Language code: spa
400 1# - SEE FROM TRACING--PERSONAL NAME
- Personal name: Soberón, Estela Roselló
- Dates associated with a name: 1973-
400 1# - SEE FROM TRACING--PERSONAL NAME
- Control subfield: nnea
- Personal name: Roselló, Estela
- Dates associated with a name: 1973-
670 ## - SOURCE DATA FOUND
- Source citation: Así en la tierra como en el cielo, 2006:
- Information found: t.p. (Estela Roselló Soberón)
670 ## - SOURCE DATA FOUND
- Source citation: La sociedad novohispana, 2007:
- Information found: t.p. (Estela Roselló)
670 ## - SOURCE DATA FOUND
- Source citation: Her Hechizo en palacio, 2013:
- Information found: title page (Estela Roselló Soberón) front cover (Estela Roselló) back cover (Born in Mexico City in 1973; specializes in history)